Beszámoló decemberről pusztít a sertésvész

Elmentve itt :
Bibliográfiai részletek
Dokumentumtípus: Cikk
Megjelent: 1914-01-25
Sorozat:Délmagyarország 3 No. 21
Kulcsszavak:Lázár György, Faragó Ödön, Kedacic Károly, Jánossy Gyula, Pálfy József, Szapár József, Alexander Lajos, Egészségügy Szeged 1914, Pénzügy Szeged 1914
Online Access:http://dmarchiv.bibl.u-szeged.hu/42982
LEADER 00571nab a2200145 i 4500
001 delm42982
005 20180927130116.0
008 180927s1914 hu o 0|| hun d
040 |a SZTE Délmagyarország Archívum  |b hun 
041 |a hun 
245 0 0 |a Beszámoló decemberről   |h [elektronikus dokumentum] :  |b pusztít a sertésvész 
260 |c 1914-01-25 
300 |a 4 
490 0 |a Délmagyarország  |v 3 No. 21 
695 |a Lázár György, Faragó Ödön, Kedacic Károly, Jánossy Gyula, Pálfy József, Szapár József, Alexander Lajos, Egészségügy Szeged 1914, Pénzügy Szeged 1914